| 000 | 01114cam a22002653a 4500 | ||
|---|---|---|---|
| 001 | 22090 | ||
| 003 | PGUSA | ||
| 005 | 20140828083454.0 | ||
| 008 | 070717s2007||||xxu|||||s|||||000 | eng d | ||
| 040 |
_aPGUSA _beng |
||
| 042 | _adc | ||
| 050 | 4 | _aHQ | |
| 100 | 1 |
_aEllis, Havelock, _d1859-1939 |
|
| 245 | 1 | 4 |
_aThe Task of Social Hygiene _h[electronic resource] / _cHavelock Ellis |
| 260 |
_bProject Gutenberg, _c2007 |
||
| 505 | 0 | _aIntroduction -- The changing status of women -- The new aspect of the woman's movement -- The emancipation of women in relation to romantic love -- The significance of a falling birth-rate -- Eugenics and love -- Religion and the child -- The problem of sexual hygiene -- Immorality and the law -- The war against war -- The problem of an international language -- Individualism and socialism. | |
| 506 | _aPublic domain in the USA. | ||
| 516 | _aElectronic text | ||
| 653 | _aWomen -- Social and moral questions | ||
| 653 | _aSexual ethics | ||
| 653 | _aEugenics | ||
| 830 | 0 |
_aProject Gutenberg _v22090 |
|
| 856 | 4 | 0 | _uhttp://www.gutenberg.org/ebooks/22090 |
| 942 | _cEB | ||
| 999 |
_c251345 _d251345 |
||